An Introduction to applied linguistics / (رقم التسجيلة. 37223)
[ عرض عادي ]
| 000 -فاتح التسجيلة | |
|---|---|
| الفاتح | 00631 a2200193 4500 |
| 008 - عناصر البيانات ثابتة الطول | |
| عناصر البيانات ثابتة الطول | 100607s2010 enka g b 001 0 eng d |
| 020 ## - ردمك | |
| ردمك | 9780340984475 (pbk.) |
| 020 ## - ردمك | |
| ردمك | 0340984473 (pbk.) |
| 082 04 - رقم تصنيف ديوي العشري | |
| رقم تصنيف ديوي | 428 |
| اصدار خطة التصنيف | 22 |
| رقم المادة | INA |
| 245 03 - العنوان | |
| العنوان الفعلي | An Introduction to applied linguistics / |
| بيان المسئولية | edited by Norbert Schmitt. |
| 246 30 - اشكال أخرى للعنوان | |
| العنوان الفعلي | Applied linguistics |
| 250 ## - الطبعة | |
| بيان الطبعة | 2nd ed. |
| 260 ## - بيانات النشر | |
| مكان النشر | London : |
| الناشر | Hodder Education, |
| التاريخ | 2010. |
| 300 ## - الوصف المادي | |
| التعداد | ix, 342 p. : |
| بيانات مادية أخرى | ill. ; |
| اﻷبعاد | 24 cm. |
| 504 ## - تبصرة ببليوجرافية | |
| تبصرة ببليوجرافية للأقراص | Includes bibliographical references and index. |
| 650 #0 - رأس موضوع - مصطلح موضوعي | |
| الموضوع | Applied linguistics. |
| 700 1# - مدخل اضافي - المؤلف اسم شخصي | |
| إسم الشخص | Schmitt, Norbert, |
| التاريخ | 1956- |
| 942 ## - مداخل إضافية خاصة بكوها | |
| Koha [default] item type | كتاب |
| 650 #0 - رأس موضوع - مصطلح موضوعي | |
| -- | 48213 |
| 700 1# - مدخل اضافي - المؤلف اسم شخصي | |
| -- | 48214 |
| حالة اﻹلغاء | مادة مفقودة | مصدر خطة التصنيف أو الترفيف | حالة التلف | غير مسموح باﻹعارة | موقع غير دائم | الموقع الحالي | تاريخ التزويد | إجمالي اﻹعارات | رقم الطلب بالكامل | الباركود | آخر تاريخ للعرض | رقم النسخة | السعر فعال من تاريخ | نوع المادة في كوها | آخر تاريخ إعارة |
|---|---|---|---|---|---|---|---|---|---|---|---|---|---|---|---|
| Dewey Decimal Classification | Not For Loan | المكتبة المركزية بالمجمعة (CL) | المكتبة المركزية بالمجمعة (CL) | 2015-07-07 | 428 INA | 00212197 | 2015-07-07 | 1 | 2015-07-07 | كتاب | |||||
| Dewey Decimal Classification | المكتبة المركزية بالمجمعة (CL) | المكتبة المركزية بالمجمعة (CL) | 2015-07-07 | 428 INA | 00212196 | 2015-07-07 | 2 | 2015-07-07 | كتاب | ||||||
| Dewey Decimal Classification | المكتبة المركزية بالمجمعة (CL) | المكتبة المركزية بالمجمعة (CL) | 2015-07-07 | 428 INA | 00212195 | 2015-07-07 | 3 | 2015-07-07 | كتاب | ||||||
| Dewey Decimal Classification | Not For Loan | مكتبة مجمع الكليات بالزلفى - طلاب (SZM) | مكتبة مجمع الكليات بالزلفى - طلاب (SZM) | 2015-07-07 | 428 INA | 00212199 | 2015-07-07 | 1 | 2015-07-07 | كتاب | |||||
| Dewey Decimal Classification | مكتبة مجمع الكليات بالزلفى - طلاب (SZM) | المكتبة المركزية بالمجمعة (CL) | 2015-07-07 | 2 | 428 INA | 00212198 | 2026-03-31 | 2 | 2015-07-07 | كتاب | 2026-02-02 | ||||
| Dewey Decimal Classification | المكتبة المركزية بالمجمعة (CL) | المكتبة المركزية بالمجمعة (CL) | 2015-10-14 | 428 INA | 00654376 | 2015-10-14 | 2015-10-14 | كتاب | |||||||
| Dewey Decimal Classification | المكتبة المركزية بالمجمعة (CL) | المكتبة المركزية بالمجمعة (CL) | 2015-10-14 | 1 | 428 INA | 00654377 | 2018-09-03 | 2015-10-14 | كتاب | 2018-03-08 | |||||
| Dewey Decimal Classification | المكتبة المركزية بالمجمعة (CL) | المكتبة المركزية بالمجمعة (CL) | 2015-10-14 | 2 | 428 INA | 00654378 | 2018-04-08 | 2015-10-14 | كتاب | 2018-01-04 | |||||
| Dewey Decimal Classification | مكتبة كلية العلوم و الدراسات الإنسانية برماح - طالبات (SRF) | مكتبة كلية العلوم و الدراسات الإنسانية برماح - طالبات (SRF) | 2017-08-06 | 2 | 428 INA | 00656615 | 2023-03-23 | 2017-08-06 | كتاب | 2022-09-01 | |||||
| Dewey Decimal Classification | مكتبة كلية العلوم و الدراسات الإنسانية برماح - طالبات (SRF) | مكتبة كلية العلوم و الدراسات الإنسانية برماح - طالبات (SRF) | 2017-08-06 | 4 | 428 INA | 00656616 | 2022-12-12 | 2017-08-06 | كتاب | 2022-12-12 |
